LEADER 01268nam a2200277 i 4500 001 000000214225 003 CaOOAMICUS 005 20120716000000.0 008 120716s2012 it u000 u ita u 013 $a193092 020 $a978-88-215-7434-4 040 $aSeMil$bita 100 1 $aAnatrella, Tony,$d<1941- >.$0(OLS)http://semarc/name/46827 245 13$aLa teoria del gender e l'origine dell'omosessualità :$buna sfida culturale /$cTony Anatrella ; prefazione del card. Angelo Scola. 260 $aCinisello Balsamo :$bSan Paolo,$c2012. 300 $a166 p. ;$c20 cm. 490 0 $aProgetto famiglia ;$v118 650 4$aOmosessualità.$0(OLS)http://semarc/subject/8978 700 1 $aScola, Angelo,$c.$0(OLS)http://semarc/name/3364 830 0$aProgetto famiglia ;$v118.$0(OLS)http://semarc/title/9961 850 $aSeMil 852 $aSeMil$W1$xVenegono$y1$m2E II 487$j164653$B164653$CSeMilBibl$Z2$F176188 $81 961 $aOmaggio: Braccini Annamaria 996 $6020$a978-88-215-7434-4$9(OLS)http://semarc/number/210438 996 $6245$aLa teoria del gender e l'origine dell'omosessualità :$buna sfida culturale$9(OLS)http://semarc/title/308713 996 $6260$aCinisello Balsamo :$bSan Paolo$9(OLS)http://semarc/publisher/30129 LEADER 01116nam a2200241 i 4500 001 000000046515 003 CaOOAMICUS 005 20120210000000.0 008 120210s1935 xx u000 u spa u 013 $a17685 040 $aSeMil$bita 245 13$aDe Immortalitate Animae :$bcuestión inédita de Santo Tomás de Aquino /$cpublicada con introduccion y notas por el Eusebio Gomez. 260 $aMadrid :$b[s.n.],$c1935. 300 $a89 p. ;$c20 cm. 490 0 $aBiblioteca de tomistas españoles ;$vVol.3. 600 04$aTommaso : d'Aquino .$0(OLS)http://semarc/subject/115 650 4$aAnima - Immortalità.$0(OLS)http://semarc/subject/2656 700 1 $aGomez, Eusebio.$0(OLS)http://semarc/name/23136 830 0$aBiblioteca de tomistas españoles ;$vVol.3.$0(OLS)http://semarc/title/12514 850 $aSeMil 852 $aSeMil$W1$xVenegono$y1$m2C II 48$j12670$B12670$CSeMilBibl$Z2$F12670 $81 996 $6245$aDe Immortalitate Animae :$bcuestión inédita de Santo Tomás de Aquino$9(OLS)http://semarc/title/69571 996 $6260$aMadrid :$b[s.n.]$9(OLS)http://semarc/publisher/30474